|
|
|
|
| LEADER |
00000nmm0a2200000 4500 |
| 001 |
140203 |
| 005 |
20231031142004.0 |
| 010 |
|
|
|a 9780123694713
|
| 035 |
|
|
|a (RuTPU)RU\TPU\book\151874
|
| 090 |
|
|
|a 140203
|
| 100 |
|
|
|a 20080623d2007 k y0engy50 ba
|
| 101 |
0 |
|
|a eng
|
| 102 |
|
|
|a US
|
| 105 |
|
|
|a a z 001zy
|
| 200 |
1 |
|
|a Game Physics Engine Development
|f I. Millington
|
| 210 |
|
|
|a Amsterdam
|c Elsevier
|d 2007
|
| 215 |
|
|
|a 458 p.
|c il.
|e CD-ROM
|
| 225 |
1 |
|
|a Series in Interactive 3D Technology
|
| 320 |
|
|
|a Bibliography: p. 445.
|
| 320 |
|
|
|a Index: p. 447-456.
|
| 610 |
1 |
|
|a физика
|
| 610 |
1 |
|
|a занимательная физика
|
| 610 |
1 |
|
|a игры
|
| 610 |
1 |
|
|a физические игры
|
| 610 |
1 |
|
|a разработка
|
| 610 |
1 |
|
|a CD-ROM
|
| 610 |
1 |
|
|a английский язык
|
| 675 |
|
|
|a 53-8
|v 3
|
| 700 |
|
1 |
|a Millington
|b I.
|g Ian
|
| 801 |
|
1 |
|a RU
|b 63413507
|c 20080623
|g PSBO
|
| 801 |
|
2 |
|a RU
|b 63413507
|c 20080701
|g PSBO
|
| 942 |
|
|
|c MX
|